00519nam a22001457a 4500999001900000005001700019010001900036020002700055037002500082245011100107260004200218270005900260300003100319942002300350 c193916d19391620221123152802.0 aE.N.A./7.11.22 a9789392594441c1100.00 bEss Ess Publications aLIBRARY MANAGEMENT DURING PANDEMIC/bIssues and Challengescedi. by Md. Alamgir khan & Shamim Aktar Munshi bEss Ess Publicationsc2022aNew Delhi a4831/24, Ansari Road , Darya Ganj, bNew Delhie110002 axvii 269pb23cm (HB)cill. 2ddccENe2022mkHA